A PRACTICAL BOOK OF HUMAN ANATOMY AND PHYSIOLOGY-II [SEM-II] (Record no. 7876)

MARC details
000 -LEADER
fixed length control field 00527nam a22001697a 4500
005 - DATE AND TIME OF LATEST TRANSACTION
control field 20240108095058.0
008 - FIXED-LENGTH DATA ELEMENTS--GENERAL INFORMATION
fixed length control field 220209b ||||| |||| 00| 0 eng d
020 ## - INTERNATIONAL STANDARD BOOK NUMBER
ISBN 978-93-86943-50-5
041 ## - LANGUAGE CODE
Language code of text/sound track or separate title eng
082 ## - DEWEY DECIMAL CLASSIFICATION NUMBER
Classification number 612
100 ## - MAIN ENTRY--AUTHOR NAME
Personal name USMAN, DR. MD. RAGEEB AND, SHIRSAT Dr .MRUNAL K. , DWIVEDI , Dr. JAYESH AND SHAIKH Dr. MOHAMME ZUBER
245 ## - TITLE STATEMENT
Title A PRACTICAL BOOK OF HUMAN ANATOMY AND PHYSIOLOGY-II [SEM-II]
260 ## - PUBLICATION, DISTRIBUTION, ETC. (IMPRINT)
Place of publication PUNE
Name of publisher NIRALI PRAKASHAN
300 ## - PHYSICAL DESCRIPTION
Number of Pages 150;p
650 ## - SUBJECT ADDED ENTRY--TOPICAL TERM
Topical Term PHARMACY
General subdivision B.PHARMA
942 ## - ADDED ENTRY ELEMENTS (KOHA)
Koha item type Books
Holdings
Lost status Damaged status Collection code Home library Current library Shelving location Date acquired Source of acquisition Cost, normal purchase price Full call number Accession Number Koha item type
    PHARMACY JRU Library JRU Library Shelf - 27- G 09/02/2022 PURCHASE 155.00 612 26079 Books
    PHARMACY JRU Library JRU Library Shelf - 27- G 09/02/2022 PURCHASE 155.00 612 26080 Books